Los ordenamientos institucionales y la integración económica del Caribe (Registro nro. 16069)

Detalles MARC
000 -LEADER
fixed length control field 00393 a2200121 4500
001 - CONTROL NUMBER
control field ART_2922
005 - DATE AND TIME OF LATEST TRANSACTION
control field 20260410161711.0
008 - FIXED-LENGTH DATA ELEMENTS--GENERAL INFORMATION
fixed length control field 260409a
100 1# - MAIN ENTRY--PERSONAL NAME
Personal name Girvan, Norman
245 10 - TITLE STATEMENT
Title Los ordenamientos institucionales y la integración económica del Caribe
700 1# - ADDED ENTRY--PERSONAL NAME
Personal name Jefferson, Owen
773 0# - HOST ITEM ENTRY
Title Desarrollo económico
Related parts - Vol. 7, Nº 27 (oct./dic. 1967)
Record control number REV1174

No hay ítems disponibles.